Régions par pays - Experts - Statistiques

Statistiques générales
  • Ce quiz a été pris 109 fois
  • Le résultat moyen est 8 sur 10
Statistiques - réponses
Région % Pays % Correct
Virginie-Occidentale 38 États-Unis
100%
Mayotte 68 France
99%
Saxe-Anhalt 38 Allemagne
95%
Maranhão 29 Brésil
88%
Nouveau-Brunswick 59 Canada
88%
Cantabrie 28 Espagne
86%
Overijssel 26 Pays-Bas
83%
Limbourg 56 Belgique
80%
Appenzell Rhodes Intérieures 33 Suisse
74%
Territoire de la capitale ************ 32 Australie
57%
Aucun quiz correspondant
Distribution des résultats
% des personnes avec chaque résultat
Percentile par nombre de réponses
Votre historique - résultats
Vous n’avez pas pris ce quiz